000 00721nam a2200241 i 4500
003 DO-SdBNP
005 20240418095714.0
007 ta
008 240418b1962 dr ||||| |||| 00| 0 spa d
040 _aDO-SdBNP
_bspa
_cBNPHU
_erda
082 4 _222
_bL516g
100 1 _aLegorburu, Jose
_eautor
_985180
245 1 0 _aGeografía elemental /
_cJosé Legorburu
264 4 _aMadrid :
_bEdiciones S:M :,
_c19642
300 _a110 páginas :
_bilustraciones ;
_c26 cm.
336 _2rdacontent
_atexto
_btxt
337 _2rdamedia
_asin mediación
_bn
338 _2rdacarrier
_avolumen
_bnc
500 _aGeografía general y de la República Dominicana
590 _aInventariado, 2024/DG
910 _aDG
942 _2ddc
_cLBS1
999 _c56454
_d56454